000 00466nam a2200193Ia 4500
005 20240823041033.0
008 240823s9999||||xx |||||||||||||| ||und||
020 _a978-93-5097-137-6
041 _aENGLISH
082 _A368 Q3
100 _aPeriasamy P
245 0 _aPrinciples & Practice of Insurance
250 _a2nd
260 _c2013
_b"Himalaya Publishing House, M"
500 _aYES
650 _aInsurance
_bGeneral
942 _cBK
999 _c204538
_d204538